Die Meisterwerke des Rijks-Museum zu Amsterdam (Record no. 5368)

MARC details
000 -CABECERA
campo de control de longitud fija 00845nam a2200253 a 4500
001 - NÚMERO DE CONTROL
campo de control BRCA_5675
005 - FECHA Y HORA DE LA ÚLTIMA TRANSACCIÓN
campo de control 20190320205158.0
008 - DATOS DE LONGITUD FIJA--INFORMACIÓN GENERAL
campo de control de longitud fija 180211s19uu----gw-a######---#000-0#ger-#
041 ## - CÓDIGO DE LENGUA
Código de lengua del texto/banda sonora o título independiente ger
044 ## - CÓDIGO DEL PAÍS DE LA ENTIDAD EDITORA/PRODUCTORA
Código MARC del país gw
050 #4 - SIGNATURA TOPOGRÁFICA DE LA BIBLIOTECA DEL CONGRESO
Número de clasificación N2460
Número de documento/Ítem .V65
-- 190?
100 1# - ENTRADA PRINCIPAL--NOMBRE DE PERSONA
Nombre de persona Voll, Karl
Fechas asociadas al nombre 1867-1917
9 (RLIN) 14182
245 10 - MENCIÓN DE TÍTULO
Título Die Meisterwerke des Rijks-Museum zu Amsterdam
Resto del título Hanfstaengls Maler-Klassiker: Die Mesterwerke der Bedeutensten Galerien Europas
Mención de responsabilidad, etc. Karl Voll.
260 ## - PUBLICACIÓN, DISTRIBUCIÓN, ETC.
Lugar de publicación, distribución, etc. Munich
Nombre del editor, distribuidor, etc. Franz Hanfstaengl
Fecha de publicación, distribución, etc. 190?
300 ## - DESCRIPCIÓN FÍSICA
Extensión 208 p.
Otras características físicas il., 208 láminas
Dimensiones 26 cm.
500 ## - NOTA GENERAL
Nota general F145
500 ## - NOTA GENERAL
Nota general Igual a Y9 y F18
610 24 - PUNTO DE ACCESO ADICIONAL DE MATERIA--NOMBRE DE ENTIDAD CORPORATIVA
Nombre de entidad corporativa o nombre de jurisdicción como elemento de entrada Rijksmuseum (Amsterdam)
9 (RLIN) 14139
650 14 - PUNTO DE ACCESO ADICIONAL DE MATERIA--TÉRMINO DE MATERIA
Término de materia o nombre geográfico como elemento de entrada Pintura holandesa
Subdivisión geográfica Amsterdam
9 (RLIN) 14140
650 14 - PUNTO DE ACCESO ADICIONAL DE MATERIA--TÉRMINO DE MATERIA
Término de materia o nombre geográfico como elemento de entrada Pintura
Subdivisión de forma Colecciones y coleccionistas
Subdivisión geográfica Holanda
9 (RLIN) 14141
650 14 - PUNTO DE ACCESO ADICIONAL DE MATERIA--TÉRMINO DE MATERIA
Término de materia o nombre geográfico como elemento de entrada Galerías y museos
Subdivisión geográfica Holanda
9 (RLIN) 7615
902 ## - CATALOGADOR
Iniciales GFM
942 ## - ELEMENTOS DE PUNTO DE ACCESO ADICIONAL (KOHA)
Fuente del sistema de clasificación o colocación Library of Congress Classification
Tipo de ítem Koha Libros
Holdings
Estado de retiro Estado de pérdida Estado dañado No para préstamo Localización permanente Ubicación/localización actual Fecha de adquisición Número de inventario Total de préstamos Signatura topográfica completa Código de barras Fecha visto por última vez Precio válido a partir de Tipo de ítem Koha
El ejemplar forma parte de la colección y puede ser consultado según las políticas vigentes.       Biblioteca del Museo Franz Mayer (Rogerio Casas-Alatriste) Biblioteca del Museo Franz Mayer (Rogerio Casas-Alatriste) 18/02/2011 F145   N2460 .V65 190? (F145) 6111 22/03/2019 22/03/2019 Libros